| Tag |
First Indicator |
Second Indicator |
Subfields |
| LEADER |
00000cam a2200000 i 4500 |
| 001 |
in00000944721 |
| 005 |
20150925134057.0 |
| 007 |
he bmu|||bubu |
| 008 |
801025r19801979miubf bb 00110 fre d |
| 010 |
|
|
|z 77466054 //r79
|
| 035 |
|
|
|a (OCoLC)06865489
|
| 035 |
|
|
|9 AES5047AM
|
| 037 |
|
|
|a CL00550
|b University Microfilms International
|
| 037 |
|
|
|b University Microfilms International, 300 N. Zeeb Rd., Ann Arbor, MI 48106
|
| 040 |
|
|
|a UMI
|c UMI
|d m.c.
|d m/c
|d UtOrBLW
|
| 041 |
0 |
|
|a fre
|a eng
|
| 043 |
|
|
|a f-----
|
| 049 |
|
|
|a TXAI
|
| 090 |
|
|
|a Z6683.D7
|b J68 1979
|
| 099 |
|
|
|a fiche
|a C
|a 5159
|
| 100 |
1 |
|
|a Joyce, Stephen J.
|
| 245 |
1 |
0 |
|a Éléments de bibliographie sur la sécheresse au Sahel :
|b Elements for a bibliography of the Sahel drought /
|c par Stephen J. Joyce & Françoise Beudot.
|
| 264 |
|
1 |
|a Paris :
|b Centre de développement, Organisation de coopération et de développement économiques,
|c 1976-1979.
|
| 300 |
|
|
|a 5 volumes :
|b maps
|
| 336 |
|
|
|a text
|b txt
|2 rdacontent
|
| 337 |
|
|
|a microform
|b h
|2 rdamedia
|
| 338 |
|
|
|a microfiche
|b he
|2 rdacarrier
|
| 500 |
|
|
|a French and English.
|
| 500 |
|
|
|a Includes indexes.
|
| 500 |
|
|
|a Microfiche. Ann Arbor, Mich. : University Microfilms International, 1980. -- 8 sheets ; 11 x 15 cm. -- (Sahel : documents and dissertations ; AS 099).
|
| 500 |
|
|
|a Microform.
|
| 650 |
|
0 |
|a Droughts
|z Sahel
|x Bibliography.
|
| 700 |
1 |
|
|a Beudot, Françoise.
|
| 740 |
0 |
|
|a Elements for a bibliography of the Sahel drought.
|
| 830 |
|
0 |
|a Sahel, documents and dissertations ;
|v AS 099.
|
| 999 |
|
|
|a MARS
|
| 999 |
f |
f |
|s 0e5d45fb-b019-302a-a2ea-2896aa6a150e
|i c6f2e8cf-39c2-3fa6-b1d9-56db85c15e4d
|t 0
|
| 952 |
f |
f |
|p normal
|a Texas A&M University
|b College Station
|c Sterling C. Evans Library
|d Evans: Microforms (3rd floor)
|t 0
|e fiche C 5159 AS 099
|h Other scheme
|i microform -- microfiche
|m A14821881337
|
| 998 |
f |
f |
|a fiche C 5159 AS 099
|t 0
|l Evans: Microforms (3rd floor)
|